<?xml version="1.0" encoding="UTF-8"?>
<record
    xmlns:xsi="http://www.w3.org/2001/XMLSchema-instance"
    xsi:schemaLocation="http://www.loc.gov/MARC21/slim http://www.loc.gov/standards/marcxml/schema/MARC21slim.xsd"
    xmlns="http://www.loc.gov/MARC21/slim">

  <leader>01282nam a22002537a 4500</leader>
  <controlfield tag="001">112938</controlfield>
  <controlfield tag="003">DR-UNIBE</controlfield>
  <controlfield tag="005">20260216092047.0</controlfield>
  <controlfield tag="008">240709b2008    dr ||||| |||| 00| 0 spa d</controlfield>
  <datafield tag="040" ind1=" " ind2=" ">
    <subfield code="a">BIBLIOTECA UNIBE</subfield>
    <subfield code="c">BIBLIOTECA UNIBE</subfield>
    <subfield code="e">rda</subfield>
  </datafield>
  <datafield tag="041" ind1=" " ind2=" ">
    <subfield code="a">spa</subfield>
    <subfield code="h">spa</subfield>
  </datafield>
  <datafield tag="082" ind1=" " ind2=" ">
    <subfield code="a">RD 347.7293 R426r 2008</subfield>
  </datafield>
  <datafield tag="110" ind1="1" ind2="0">
    <subfield code="9">8757</subfield>
    <subfield code="a">Rep&#xFA;blica Dominicana. Suprema Corte de Justicia</subfield>
    <subfield code="e">autor</subfield>
  </datafield>
  <datafield tag="245" ind1="1" ind2="0">
    <subfield code="a">Resoluciones de inter&#xE9;s general de la Suprema Corte de Justicia 2008</subfield>
  </datafield>
  <datafield tag="250" ind1=" " ind2=" ">
    <subfield code="a">Primera edici&#xF3;n</subfield>
  </datafield>
  <datafield tag="260" ind1=" " ind2=" ">
    <subfield code="a">Santo Domingo :</subfield>
    <subfield code="b">Suprema Corte de Justica, </subfield>
    <subfield code="c">2008</subfield>
  </datafield>
  <datafield tag="300" ind1=" " ind2=" ">
    <subfield code="a">105 p&#xE1;ginas :</subfield>
    <subfield code="c">20 x 13 cm</subfield>
  </datafield>
  <datafield tag="505" ind1=" " ind2=" ">
    <subfield code="a">Resoluci&#xF3;n N&#xFA;m. 480-2008 |
Resoluci&#xF3;n N&#xFA;m. 926-2008 |
Resoluci&#xF3;n N&#xFA;m. 1924-2008 |
Resoluci&#xF3;n N&#xFA;m. 1960-2008 |
T&#xED;tulo I. De los sistemas de escalaf&#xF3;n judicial y provisi&#xF3;n de cargos judiciales |
T&#xED;tulo II. Des sistema de provisi&#xF3;n de cargos judiciales |
Resoluci&#xF3;n 3471-2008

</subfield>
  </datafield>
  <datafield tag="651" ind1=" " ind2="7">
    <subfield code="2">lemb</subfield>
    <subfield code="a">Rep&#xFA;blica Dominicana </subfield>
    <subfield code="x">Suprema Corte de Justicia </subfield>
    <subfield code="x">Resoluciones</subfield>
    <subfield code="9">202433</subfield>
  </datafield>
  <datafield tag="700" ind1=" " ind2="0">
    <subfield code="a">Subero Isa, Jorge A.,</subfield>
    <subfield code="d">1947-</subfield>
    <subfield code="e">presentador</subfield>
    <subfield code="9">15642</subfield>
  </datafield>
  <datafield tag="700" ind1="1" ind2="0">
    <subfield code="a">Soto Ort&#xED;z, Francisco E.</subfield>
    <subfield code="e">dise&#xF1;ador de portada</subfield>
    <subfield code="9">154631</subfield>
  </datafield>
  <datafield tag="710" ind1="1" ind2="0">
    <subfield code="9">154572</subfield>
    <subfield code="a">Centro de Documentaci&#xF3;n e Informaci&#xF3;n Judicial Dominicano (CENDIJD)</subfield>
    <subfield code="e">diagramador</subfield>
  </datafield>
  <datafield tag="942" ind1=" " ind2=" ">
    <subfield code="2">ddc</subfield>
    <subfield code="c">BK</subfield>
  </datafield>
  <datafield tag="999" ind1=" " ind2=" ">
    <subfield code="c">112938</subfield>
    <subfield code="d">112938</subfield>
  </datafield>
  <datafield tag="952" ind1=" " ind2=" ">
    <subfield code="0">0</subfield>
    <subfield code="1">0</subfield>
    <subfield code="2">ddc</subfield>
    <subfield code="7">0</subfield>
    <subfield code="8">GEN-RD</subfield>
    <subfield code="a">Principal</subfield>
    <subfield code="d">2024-07-09</subfield>
    <subfield code="l">0</subfield>
    <subfield code="o">RD 347.7293 R426r 2008</subfield>
    <subfield code="p">240823</subfield>
    <subfield code="r">2024-07-09 00:00:00</subfield>
    <subfield code="t">Ej. 1</subfield>
    <subfield code="w">2024-07-09</subfield>
    <subfield code="y">BK</subfield>
  </datafield>
  <datafield tag="952" ind1=" " ind2=" ">
    <subfield code="0">0</subfield>
    <subfield code="1">0</subfield>
    <subfield code="2">ddc</subfield>
    <subfield code="7">0</subfield>
    <subfield code="8">GEN-RD</subfield>
    <subfield code="a">Principal</subfield>
    <subfield code="d">2024-07-09</subfield>
    <subfield code="l">0</subfield>
    <subfield code="o">RD 347.7293 R426r 2008</subfield>
    <subfield code="r">2024-11-22 00:00:00</subfield>
    <subfield code="t">Ej.1</subfield>
    <subfield code="w">2024-07-09</subfield>
    <subfield code="y">BK</subfield>
  </datafield>
</record>
